[Event "C.to Mondiale U18"]
[Site "Kallithea GRE"]
[Date "2003.10.23"]
[Round "1"]
[White "Berni, Giorgio"]
[Black "Nyback, Tomi"]
[Result "0-1"]
[WhiteElo "2219"]
[BlackElo "2497"]
[PlyCount "74"]
[EventDate "2003.10.23"]

1. e4 d6 2. d4 Nf6 3. Nc3 g6 4. Nf3 Bg7 5. Be2 O-O 6. O-O c6 7. a4 Nbd7 8. h3
e5 9. dxe5 dxe5 10. Be3 Qe7 11. Qd3 Nh5 12. Rfd1 Nf4 13. Qd6 Nxe2+ 14. Nxe2 Re8
15. Qxe7 Rxe7 16. Rd6 Nf8 17. a5 Rd7 18. Rad1 f6 19. Nc3 Kf7 20. a6 b6 21. Rxc6
Rxd1+ 22. Nxd1 Ne6 23. Nc3 Bxa6 24. Rd6 Rd8 25. Rxd8 Nxd8 26. Nd2 Ne6 27. Nd5
Bf8 28. f3 Bd6 29. Bf2 Nf4 30. Ne3 Ke6 31. Kh2 f5 32. c3 Ne2 33. g4 f4 34. Nec4
Be7 35. Kg2 Nc1 36. Bg1 Nd3 37. b4 Bh4 0-1

[Event "C.to Mondiale U18"]
[Site "Kallithea GRE"]
[Date "2003.10.23"]
[Round "1"]
[White "Brunello, Sabino"]
[Black "Zhigalko, Andrey"]
[Result "0-1"]
[WhiteElo "2206"]
[BlackElo "2478"]
[PlyCount "48"]
[EventDate "2003.10.23"]

1. e4 c5 2. d4 cxd4 3. c3 dxc3 4. Nxc3 g6 5. Nf3 Bg7 6. Bc4 Nc6 7. O-O d6 8.
Ng5 Nh6 9. h3 O-O 10. Be3 Kh8 11. Qd2 Na5 12. Bd3 f6 13. Nf3 Nf7 14. Rac1 Bd7
15. Nb5 Nc6 16. Nfd4 a6 17. Nc3 f5 18. Bc4 Nxd4 19. Bxd4 e5 20. Be3 f4 21. Bxf7
Rxf7 22. Qd5 Rf8 23. Bd2 f3 24. Be3 Qh4 0-1